000 01063ncm a2200313 c 4500
003 BLK
005 20180421003942.0
008 180414b bul |a|er|||| |0| c|bulo|
010 _aNOT00004103000
040 _aBLK
041 _aBUL
_cBUL
080 _aКларинет. Етюди, гами, учебна литература
_b788.6.087.5
_x
_z788.6.087.5
100 1 _aКрьопш, Фриц
_eпърви автор
_985037
139 _aКрьопш, Фриц
_bК 92
245 1 0 _aЕтюди за кларинет
_bЧ. 1 - 2
_cФриц Крьопш.
_nЧ. 2
257 _aAUT
260 София
_bНаука и изкуство
_c1966 -
300 _c31 см
380 _a7
650 4 _aКларинет - етюди, гами
_9353811
653 _aкларинети
653 _aетюди
760 1 _aКрьопш, Фриц
_c56 с.
_d1967
_h56 с.
_tЧ. 2
852 _aЦб М ІІ 3908
_p0
856 4 _qpdf
_u
856 4 _qpdf
_u
942 _cNOT
_n0
944 _aCR
_c06.10.2017
_kИрена_Линкова
944 _aED
_c06.10.2017
_kИрена_Линкова
999 _c322025
_d322025